|
|
|
|
| LEADER |
00000cam a2200000 4500 |
| 001 |
vtls011885696 |
| 003 |
SK-MaSNL |
| 005 |
20260331211124.0 |
| 008 |
190906s2018 hu ioa frn 000 0 hun |
| 020 |
|
|
|a 9786155858024
|q (viazané)
|
| 040 |
|
|
|a SNK
|b slo
|c SNK
|e rda
|
| 041 |
0 |
|
|a hun
|
| 044 |
|
|
|a hu
|c HU
|
| 072 |
|
7 |
|a 929.5/.9
|x Genealógia. Heraldika. Šľachta. Vlajky
|2 konspekt
|
| 080 |
|
|
|a 929.6
|2 2011
|
| 080 |
|
|
|a 930
|2 2011
|
| 080 |
|
|
|a (048.8:082)
|2 2011
|
| 100 |
1 |
|
|a Kollega Tarsoly, István
|4 edt
|9 456750
|
| 245 |
1 |
0 |
|a Heraldika
|c szerkesztette Kollega Tarsolly István - Kovács Eleonóra
|
| 264 |
|
1 |
|a Budapešť
|b Tarsoly Kiadó
|c 2018
|
| 300 |
|
|
|a 326 strán
|b erby, fotografie, ilustrácie, tabuľky
|c 30 cm
|
| 336 |
|
|
|a text
|b txt
|2 rdacontent
|
| 337 |
|
|
|a bez média
|b n
|2 rdamedia
|
| 338 |
|
|
|a zväzok
|b nc
|2 rdacarrier
|
| 504 |
|
|
|a Obsahuje bibliografiu
|
| 650 |
0 |
7 |
|a heraldika
|2 SNKPH
|9 3642
|
| 650 |
0 |
7 |
|a historiografia
|2 SNKPH
|9 3848
|
| 650 |
0 |
7 |
|a erby
|2 SNKPH
|9 18910
|
| 650 |
0 |
7 |
|a Heraldry
|2 SNKPHeng
|9 324048
|
| 650 |
0 |
7 |
|a Historiography
|2 SNKPHeng
|9 266534
|
| 650 |
0 |
7 |
|a Family coats of arms
|2 SNKPHeng
|9 324047
|
| 650 |
0 |
7 |
|a rodové znaky
|2 SNKPH
|9 63403
|
| 655 |
|
7 |
|a kolektívne monografie
|2 SNKPH
|9 249850
|
| 655 |
|
7 |
|a Collective monographs
|2 SNKPHeng
|9 125747
|
| 700 |
1 |
|
|a Kovács, Eleonóra
|4 edt
|9 484283
|
| 919 |
|
|
|a 978-615-5858-02-4
|
| 958 |
|
|
|a NB
|
| 958 |
|
|
|a HU
|
| 999 |
|
|
|c 950324
|d 952254
|
| 952 |
|
|
|t snkKOL 929.6
|a SNKUST
|b SNKUST
|y PREZ
|7 0
|p 17A1376442
|o snkIB 73752
|i snk2019/22349
|8 1
|0 0
|1 0
|4 0
|d 2019-09-06
|l 0
|r 2025-05-28 00:00:00
|w 2026-02-24
|